<?xml version="1.0" encoding="UTF-8"?><marc:collection xmlns:marc="http://www.loc.gov/MARC21/slim">
  <marc:record>
    <marc:leader>00000nam  2200000zi 4500</marc:leader>
    <marc:controlfield tag="001">9.899012</marc:controlfield>
    <marc:controlfield tag="003">CaOODSP</marc:controlfield>
    <marc:controlfield tag="005">20230725100325</marc:controlfield>
    <marc:controlfield tag="006">m     o  d f      </marc:controlfield>
    <marc:controlfield tag="007">cr mn|||||||||</marc:controlfield>
    <marc:controlfield tag="008">210421t20192019quca    obf  f000 0 fre d</marc:controlfield>
    <marc:datafield tag="040" ind1=" " ind2=" ">
      <marc:subfield code="a">CaOODSP</marc:subfield>
      <marc:subfield code="b">fre</marc:subfield>
      <marc:subfield code="e">rda</marc:subfield>
      <marc:subfield code="c">CaOODSP</marc:subfield>
    </marc:datafield>
    <marc:datafield tag="043" ind1=" " ind2=" ">
      <marc:subfield code="a">n-cn---</marc:subfield>
    </marc:datafield>
    <marc:datafield tag="086" ind1="1" ind2=" ">
      <marc:subfield code="a">En37-465/2019F-PDF</marc:subfield>
    </marc:datafield>
    <marc:datafield tag="100" ind1="1" ind2=" ">
      <marc:subfield code="a">Moore, Stephanie, </marc:subfield>
      <marc:subfield code="e">auteur.</marc:subfield>
    </marc:datafield>
    <marc:datafield tag="245" ind1="1" ind2="0">
      <marc:subfield code="a">Manuel pratique de levés hydrométriques : </marc:subfield>
      <marc:subfield code="b">nivellement / </marc:subfield>
      <marc:subfield code="c">auteurs, Stephanie Moore, François Rainville et James Wilcox.</marc:subfield>
    </marc:datafield>
    <marc:datafield tag="250" ind1=" " ind2=" ">
      <marc:subfield code="a">Version 4.0.</marc:subfield>
    </marc:datafield>
    <marc:datafield tag="264" ind1=" " ind2="1">
      <marc:subfield code="a">[Gatineau, Québec] : </marc:subfield>
      <marc:subfield code="b">Gouvernment du Canada = Government of Canada, </marc:subfield>
      <marc:subfield code="c">2019.</marc:subfield>
    </marc:datafield>
    <marc:datafield tag="264" ind1=" " ind2="4">
      <marc:subfield code="c">©2019</marc:subfield>
    </marc:datafield>
    <marc:datafield tag="300" ind1=" " ind2=" ">
      <marc:subfield code="a">1 ressource en ligne (36 pages) : </marc:subfield>
      <marc:subfield code="b">illustrations (certaines en couleur)</marc:subfield>
    </marc:datafield>
    <marc:datafield tag="336" ind1=" " ind2=" ">
      <marc:subfield code="a">texte</marc:subfield>
      <marc:subfield code="b">txt</marc:subfield>
      <marc:subfield code="2">rdacontent/fre</marc:subfield>
    </marc:datafield>
    <marc:datafield tag="337" ind1=" " ind2=" ">
      <marc:subfield code="a">informatique</marc:subfield>
      <marc:subfield code="b">c</marc:subfield>
      <marc:subfield code="2">rdamedia/fre</marc:subfield>
    </marc:datafield>
    <marc:datafield tag="338" ind1=" " ind2=" ">
      <marc:subfield code="a">ressource en ligne</marc:subfield>
      <marc:subfield code="b">cr</marc:subfield>
      <marc:subfield code="2">rdacarrier/fre</marc:subfield>
    </marc:datafield>
    <marc:datafield tag="500" ind1=" " ind2=" ">
      <marc:subfield code="a">Publié aussi en anglais sous le titre : Hydrometric field manual : levelling.</marc:subfield>
    </marc:datafield>
    <marc:datafield tag="500" ind1=" " ind2=" ">
      <marc:subfield code="a">« qSOP-NA005-04-2019. »</marc:subfield>
    </marc:datafield>
    <marc:datafield tag="500" ind1=" " ind2=" ">
      <marc:subfield code="a">« Mai 2019 » -- Page v.</marc:subfield>
    </marc:datafield>
    <marc:datafield tag="504" ind1=" " ind2=" ">
      <marc:subfield code="a">Comprend des références bibliographiques (pages 31-32).</marc:subfield>
    </marc:datafield>
    <marc:datafield tag="520" ind1=" " ind2=" ">
      <marc:subfield code="a">« Relevés hydrologiques du Canada (RHC) est l'organisme fédéral chargé de recueillir, d'interpréter et de diffuser des données hydrométriques normalisées ainsi que l'information connexe au Canada. Il s'agit d'un organisme bien respecté, fier de ses traditions et des réalisations qu'il a accomplies en plus de 100 années d'existence, mais aussi progressiste par ses positions. En tant qu'organisation certifiée ISO 9001, Relevés hydrologiques du Canada souscrit au principe d'amélioration continue. L'adoption de pratiques de nivellement normalisées est essentielle à la réalisation du mandat de RHC. Le présentdocument décrit les méthodes de terrain utilisées par RHC pour toutes les activités de nivellement, notamment l'évaluation de la stabilité des repères et des limnimètres, ainsi que de la géométrie du site. RHC a modifié les procédures présentées dans la version précédente du document (qSOP-NA005-02-2005) afin de clarifier et de mettre à jour les exigences nationales. Outre les sujets traités dans l'ancienne version, le présent document traite des seuils pour l'évaluation de la qualité des résultats et précise ce qu'il faut faire si ces critères ne sont pas respectés. Le document présente également les procédures détaillées pour les scénarios de cheminement de nivellement et précise comment les mesures de niveau doivent être prises dans diverses conditions. Les incohérences de l'ancien manuel concernant les seuils de tolérance et de correction des mesures ont été éliminés. Les activités de bureau liées au nivellement sont documentées dans d'autres manuels de procédures comme ceux sur le calcul de données (p. ex. qSOP-NA037-00-2012) »-- Avant-propos, page vi.</marc:subfield>
    </marc:datafield>
    <marc:datafield tag="610" ind1="2" ind2="6">
      <marc:subfield code="a">Relevés hydrologiques du Canada</marc:subfield>
      <marc:subfield code="x">Fonctionnaires</marc:subfield>
      <marc:subfield code="v">Guides, manuels, etc.</marc:subfield>
    </marc:datafield>
    <marc:datafield tag="650" ind1=" " ind2="6">
      <marc:subfield code="a">Stations de jaugeage</marc:subfield>
      <marc:subfield code="z">Canada</marc:subfield>
      <marc:subfield code="v">Guides, manuels, etc.</marc:subfield>
    </marc:datafield>
    <marc:datafield tag="650" ind1=" " ind2="6">
      <marc:subfield code="a">Nivellement</marc:subfield>
      <marc:subfield code="z">Canada</marc:subfield>
      <marc:subfield code="v">Guides, manuels, etc.</marc:subfield>
    </marc:datafield>
    <marc:datafield tag="655" ind1=" " ind2="7">
      <marc:subfield code="a">Guides et manuels</marc:subfield>
      <marc:subfield code="2">rvmgf</marc:subfield>
    </marc:datafield>
    <marc:datafield tag="710" ind1="2" ind2=" ">
      <marc:subfield code="a">Relevés hydrologiques du Canada, </marc:subfield>
      <marc:subfield code="e">organisme de publication.</marc:subfield>
    </marc:datafield>
    <marc:datafield tag="775" ind1="0" ind2="8">
      <marc:subfield code="t">Hydrometric field manual : </marc:subfield>
      <marc:subfield code="w">(CaOODSP)9.898972</marc:subfield>
    </marc:datafield>
    <marc:datafield tag="794" ind1=" " ind2=" ">
      <marc:subfield code="t">Manuel pratique de levés hydrométriques : </marc:subfield>
      <marc:subfield code="b">(Version 5.0)</marc:subfield>
      <marc:subfield code="w">(CaOODSP)9.925274</marc:subfield>
    </marc:datafield>
    <marc:datafield tag="856" ind1="4" ind2="0">
      <marc:subfield code="q">PDF</marc:subfield>
      <marc:subfield code="s">2.47 Mo</marc:subfield>
      <marc:subfield code="u">https://publications.gc.ca/collections/collection_2021/eccc/en37/En37-465-2019-fra.pdf</marc:subfield>
    </marc:datafield>
    <marc:datafield tag="986" ind1=" " ind2=" ">
      <marc:subfield code="a">qSOP-NA005-04-2019</marc:subfield>
    </marc:datafield>
  </marc:record>
</marc:collection>
